000 00364 a2200157 4500
001 171155
020 _a
040 _cMagnum
100 _aInfante, Ulisses
240 1 0 _aCurso de gramatica aplicada aos textos
_lpor
245 1 0 _aCurso de gramatica aplicada aos textos
362 0 _a1899
440 1 _aScipione
697 _aPRODUCAO DE TEXTO
942 _cBK
999 _c171155
_d171155